|
|
|
|
| LEADER |
01216aam a22003738a 4500 |
| 001 |
00034656 |
| 005 |
20171026081025.0 |
| 008 |
161011s2015 ||||||viesd |
| 020 |
# |
# |
|c 76000
|a 9786046504603
|
| 041 |
0 |
# |
|a vie
|
| 082 |
1 |
4 |
|a 650.1
|b CH305TH
|
| 100 |
1 |
# |
|a Hill, Napoleon
|
| 245 |
1 |
0 |
|a Chiến thắng con quỷ trong bạn
|c Napoleon Hill; Thanh Minh (dịch)
|b Bí quyết tự do và thành công
|
| 246 |
0 |
1 |
|a Outwiting the Devil: The secret to Freedom and Success
|
| 250 |
# |
# |
|a Tái bản lần thứ sáu
|
| 260 |
# |
# |
|a Hà Nội
|b Lao động; Công ty Sách Thái Hà
|c 2015
|
| 300 |
# |
# |
|a 239 tr.
|c 24 cm.
|
| 490 |
# |
# |
|a Tủ sách V-Biz
|
| 653 |
# |
# |
|a Bí quyết thành công
|
| 653 |
# |
# |
|a Tự do
|
| 653 |
# |
# |
|a Trải nghiệm
|
| 653 |
# |
# |
|a Kỹ năng sống
|
| 653 |
# |
# |
|a Kinh doanh
|
| 653 |
# |
# |
|a Cuộc sống
|
| 653 |
# |
# |
|a Chiến thắng
|
| 700 |
1 |
# |
|a Thanh, Minh
|e dịch
|
| 852 |
# |
# |
|j KD.0022975
|j KM.0018831
|
| 852 |
# |
# |
|b Kho mượn
|j KM.0018831, KM.0020151
|
| 910 |
0 |
# |
|d 11/10/2016
|
| 980 |
# |
# |
|a Trung tâm Học liệu Lê Vũ Hùng, Trường Đại học Đồng Tháp
|